[Event "POL-chT 2nd League"]
[Site "Lublin"]
[Date "2006.09.09"]
[Round "8.36"]
[White "Labedz, Patrycja"]
[Black "Socha, Anna"]
[Result "1/2-1/2"]
[WhiteElo "1907"]
[BlackElo "2102"]
[PlyCount "96"]
[EventDate "2006.09.02"]
[EventType "team-swiss"]
[EventRounds "9"]
[EventCountry "POL"]
[SourceTitle "EXT 2019"]
[Source "ChessBase"]
[SourceDate "2018.10.10"]
[SourceVersion "1"]
[SourceVersionDate "2018.10.10"]
[SourceQuality "1"]
[WhiteTeam "Jaworzno JKSz MCKiS II"]
[BlackTeam "Legnica Miedz"]
[WhiteTeamCountry "POL"]
[BlackTeamCountry "POL"]

1. e4 e5 2. Nf3 d5 3. exd5 Bd6 4. Nc3 Nf6 5. d3 h6 6. g3 0-0 7. Bg2 Nbd7 8. 0-0 Nb6 9. Nd2 Bg4 10. Qe1 Re8 11. Nde4 Nfxd5 12. Nxd6 Qxd6 13. h3 Be6 14. Bd2 Rad8 15. Ne4 Qd7 16. Nc5 Qc8 17. c4 Nf6 18. Bxb7 Qb8 19. Bc6 Bxh3 20. Bxe8 Rxe8 21. Qe2 Qa8 22. f3 Bxf1 23. Rxf1 Qc6 24. b4 Nh5 25. Kh2 Qg6 26. Rg1 Nf6 27. a4 Nc8 28. Be3 Nd6 29. Ne4 Ndxe4 30. dxe4 a6 31. Kg2 Nh5 32. Kf2 Rd8 33. c5 Qe6 34. Rb1 f5 35. exf5 Qxf5 36. Qa2+ Qf7 37. Qxf7+ Kxf7 38. b5 axb5 39. axb5 Nf6 40. b6 c6 41. Ke2 Nd5 42. Bd2 Ra8 43. Rb3 Ke6 44. Kd3 Kd7 45. Ke4 Ke6 46. Kd3 Kd7 47. Ke4 Ke6 48. Kd3 Kd7 1/2-1/2

[Event "POL-chT 2nd League"]
[Site "Lublin"]
[Date "2006.09.07"]
[Round "6.36"]
[White "Socha, Anna"]
[Black "Leszner, Liliana"]
[Result "1/2-1/2"]
[WhiteElo "2102"]
[BlackElo "2095"]
[PlyCount "87"]
[EventDate "2006.09.02"]
[EventType "team-swiss"]
[EventRounds "9"]
[EventCountry "POL"]
[SourceTitle "EXT 2019"]
[Source "ChessBase"]
[SourceDate "2018.10.10"]
[SourceVersion "1"]
[SourceVersionDate "2018.10.10"]
[SourceQuality "1"]
[WhiteTeam "Legnica Miedz"]
[BlackTeam "Lodz Szach Centrum"]
[WhiteTeamCountry "POL"]
[BlackTeamCountry "POL"]

1. e4 d6 2. d4 g6 3. Nc3 Bg7 4. Be2 c6 5. h4 h5 6. Nf3 Bg4 7. Be3 Nd7 8. Ng5 Bxe2 9. Qxe2 b5 10. a3 a6 11. Rd1 Qc7 12. 0-0 Ngf6 13. f4 Ng4 14. f5 gxf5 15. Rxf5 Nxe3 16. Qxe3 Bh6 17. Qf3 Bxg5 18. hxg5 Rh7 19. Rf1 0-0-0 20. Rxf7 Rxf7 21. Qxf7 Qb6 22. Ne2 e5 23. c3 c5 24. Qd5 cxd4 25. cxd4 exd4 26. Nxd4 Qc5 27. Kh2 Qxd5 28. exd5 Rg8 29. Ne6 Nb6 30. Rf5 Nc4 31. Rf7 Nxb2 32. Kg3 Nc4 33. Kf4 a5 34. a4 Nb6 35. axb5 Nxd5+ 36. Kf5 Ne3+ 37. Ke4 Nxg2 38. b6 Re8 39. Kd5 Ne3+ 40. Kc6 Nc4 41. Rc7+ Kb8 42. Nd4 h4 43. Nb5 Re5 44. Rb7+ 1/2-1/2

[Event "POL-chT 2nd League"]
[Site "Lublin"]
[Date "2006.09.06"]
[Round "5.30"]
[White "Samborska, Marta"]
[Black "Socha, Anna"]
[Result "1-0"]
[WhiteElo "2051"]
[BlackElo "2102"]
[PlyCount "97"]
[EventDate "2006.09.02"]
[EventType "team-swiss"]
[EventRounds "9"]
[EventCountry "POL"]
[SourceTitle "EXT 2019"]
[Source "ChessBase"]
[SourceDate "2018.10.10"]
[SourceVersion "1"]
[SourceVersionDate "2018.10.10"]
[SourceQuality "1"]
[WhiteTeam "Lublin Drakon"]
[BlackTeam "Legnica Miedz"]
[WhiteTeamCountry "POL"]
[BlackTeamCountry "POL"]

1. c4 e5 2. Nc3 Bb4 3. Nf3 Nc6 4. e4 Nf6 5. d3 h6 6. g3 0-0 7. Bg2 d6 8. 0-0 Bg4 9. h3 Be6 10. Be3 Bxc3 11. bxc3 Qd7 12. Kh2 Rad8 13. Qd2 b6 14. Nh4 g5 15. Bxg5 hxg5 16. Qxg5+ Kh7 17. Qxf6 Qe7 18. Qf3 Qg5 19. Nf5 Rh8 20. Qe2 Rhg8 21. f4 Qg6 22. Qf2 Qf6 23. Qf3 Rg6 24. Nh4 Rh6 25. f5 Bc8 26. Qf2 Rg8 27. Nf3 Ba6 28. h4 Nb8 29. Bh3 Kh8 30. g4 Qd8 31. Qe3 Rxh4 32. Nxh4 Qxh4 33. Qg3 Qxg3+ 34. Kxg3 f6 35. Rh1 Nd7 36. Bg2+ Kg7 37. Rh3 Rh8 38. Rxh8 Kxh8 39. Kh4 Nc5 40. Bf1 Na4 41. Rc1 Bb7 42. g5 fxg5+ 43. Kxg5 Kg7 44. Be2 Nc5 45. Rg1 Na4 46. f6+ Kf7 47. Rh1 Nxc3 48. Rh7+ Kf8 49. Kg6 1-0

[Event "Ostroda op"]
[Site "Ostroda"]
[Date "2006.08.09"]
[Round "4.7"]
[White "Smola, Michal"]
[Black "Socha, Anna"]
[Result "1-0"]
[WhiteElo "2017"]
[BlackElo "2102"]
[PlyCount "103"]
[EventDate "2006.08.07"]
[EventType "swiss"]
[EventRounds "9"]
[EventCountry "POL"]
[SourceTitle "CBM 113 Extra"]
[Source "ChessBase"]
[SourceDate "2006.09.14"]
[SourceVersion "1"]
[SourceVersionDate "2006.09.14"]
[SourceQuality "1"]

1. e4 c5 2. Nf3 Nc6 3. Bb5 Qc7 4. 0-0 e6 5. Bxc6 Qxc6 6. e5 Ne7 7. d4 b6 8. dxc5 bxc5 9. c4 Nf5 10. Nc3 Bb7 11. Re1 Be7 12. Ne4 d6 13. Bf4 Rd8 14. Qc2 d5 15. cxd5 Rxd5 16. Bg5 Bxg5 17. Nexg5 Rd4 18. Rac1 c4 19. Rcd1 h6 20. Rxd4 Nxd4 21. Qd2 Nc2 22. Rd1 0-0 23. Qxc2 hxg5 24. Rd6 Qe4 25. Qxe4 Bxe4 26. Nxg5 Bd5 27. f3 Rb8 28. a4 g6 29. Rd7 Rxb2 30. Rc7 Rb6 31. Nxf7 Rc6 32. Nh6+ Kf8 33. Rxc6 Bxc6 34. Kf2 Bxa4 35. Ke3 Bb5 36. Kd4 Ke7 37. Ng4 Kd7 38. Ne3 Kc6 39. h4 a5 40. g4 Kb6 41. Nxc4+ Kc7 42. Nxa5 Be2 43. Ke3 Bb5 44. Nb3 Be8 45. Kf4 Kc6 46. Ke4 Bf7 47. Kd4 Kb5 48. Nc5 Kc6 49. Na4 Kd7 50. Kc5 Ke7 51. Nb6 g5 52. h5 1-0

[Event "Ostroda op"]
[Site "Ostroda"]
[Date "2006.08.08"]
[Round "3.8"]
[White "Socha, Anna"]
[Black "Baturo, Tomasz"]
[Result "1/2-1/2"]
[WhiteElo "2102"]
[BlackElo "2034"]
[PlyCount "57"]
[EventDate "2006.08.07"]
[EventType "swiss"]
[EventRounds "9"]
[EventCountry "POL"]
[SourceTitle "CBM 113 Extra"]
[Source "ChessBase"]
[SourceDate "2006.09.14"]
[SourceVersion "1"]
[SourceVersionDate "2006.09.14"]
[SourceQuality "1"]

1. e4 c5 2. Nf3 Nc6 3. d4 cxd4 4. Nxd4 Nf6 5. Nc3 e5 6. Ndb5 d6 7. Bg5 a6 8. Na3 b5 9. Bxf6 gxf6 10. Nd5 f5 11. Bxb5 axb5 12. Nxb5 Ra7 13. Nxa7 Nxa7 14. exf5 Bxf5 15. Qf3 Be6 16. Nf6+ Ke7 17. Nd5+ Bxd5 18. Qxd5 Qb6 19. 0-0 h5 20. b4 Bh6 21. c4 Qc6 22. Rfd1 Qxd5 23. Rxd5 Nc6 24. Rb1 Rb8 25. a3 Ke6 26. h3 Bg5 27. Kf1 Bd8 28. Ke1 Bb6 29. Rd3 1/2-1/2

[Event "BL2 Gr03 0506 (Women)"]
[Site "Germany"]
[Date "2005.11.20"]
[Round "4.3"]
[White "Katscher, Kathleen"]
[Black "Socha, Anna"]
[Result "0-1"]
[WhiteElo "1809"]
[BlackElo "2108"]
[PlyCount "88"]
[EventDate "2005.10.29"]
[EventType "team-tourn"]
[EventRounds "7"]
[EventCountry "GER"]
[SourceTitle "EXT 2007"]
[Source "ChessBase"]
[SourceDate "2006.11.23"]
[SourceVersion "1"]
[SourceVersionDate "2006.11.23"]
[SourceQuality "1"]
[WhiteTeam "Potsdam"]
[BlackTeam "Goerlitz"]
[WhiteTeamCountry "GER"]
[BlackTeamCountry "GER"]

1. e4 c5 2. Nf3 Nc6 3. d4 cxd4 4. Nxd4 Nf6 5. Nc3 e5 6. Ndb5 d6 7. Bg5 a6 8. Na3 Be6 9. Nc4 Rc8 10. Bxf6 gxf6 11. Nd5 Bxd5 12. Qxd5 Nb4 13. Qd2 d5 14. exd5 Nxc2+ 15. Qxc2 Bb4+ 16. Kd1 Qxd5+ 17. Qd3 Qc6 18. Rc1 Ke7 19. Qb3 Rhd8+ 20. Kc2 Qe4+ 21. Bd3 Rxd3 22. Qxb4+ Ke6 23. b3 a5 24. Rhe1 Re3+ 25. Kb2 axb4 26. Rxe3 Qxg2 27. Rc2 b5 28. f4 Qg1 29. f5+ Ke7 30. Nb6 Rxc2+ 31. Kxc2 Qf2+ 32. Kd3 Qxf5+ 33. Re4 Qf3+ 34. Re3 Qd1+ 35. Ke4 Qd4+ 36. Kf3 Qxb6 37. Re4 Qc6 38. Ke3 Ke6 39. Rh4 Qc3+ 40. Ke2 Qc2+ 41. Kf1 Qxa2 42. Rxb4 Qb1+ 43. Kg2 Qc2+ 44. Kf1 Qd1+ 0-1

[Event "BL2 Gr03 0506 (Women)"]
[Site "Germany"]
[Date "2005.10.30"]
[Round "2.2"]
[White "Socha, Anna"]
[Black "Stejskal, Janina Maria"]
[Result "0-1"]
[WhiteElo "2108"]
[BlackElo "1909"]
[PlyCount "82"]
[EventDate "2005.10.29"]
[EventType "team-tourn"]
[EventRounds "7"]
[EventCountry "GER"]
[SourceTitle "EXT 2007"]
[Source "ChessBase"]
[SourceDate "2006.11.23"]
[SourceVersion "1"]
[SourceVersionDate "2006.11.23"]
[SourceQuality "1"]
[WhiteTeam "Goerlitz"]
[BlackTeam "Hamburger SK II"]
[WhiteTeamCountry "GER"]
[BlackTeamCountry "GER"]

1. e4 e5 2. Nf3 d6 3. d4 exd4 4. Nxd4 Nf6 5. Nc3 Be7 6. Bc4 0-0 7. 0-0 Nc6 8. f4 Nxd4 9. Qxd4 a6 10. a4 Be6 11. h3 Nd7 12. Be3 Bf6 13. Qd3 Bxc4 14. Qxc4 Rb8 15. Rad1 Bxc3 16. Qxc3 Nf6 17. e5 Ne4 18. Qc4 Ng3 19. Rfe1 Nf5 20. Bf2 b5 21. axb5 Rxb5 22. g4 d5 23. Qe2 Ne7 24. Bh4 c6 25. f5 Re8 26. b3 Qb6+ 27. Kh1 Rb4 28. Qd2 Qb8 29. Bxe7 Rxe7 30. Qg5 Qf8 31. f6 Re6 32. Ra1 h6 33. Qh4 Rb6 34. Qf2 Qb8 35. Qd4 Rb4 36. Qd2 Rxe5 37. Rxa6 Rxe1+ 38. Qxe1 Re4 39. Qf2 Qe8 40. Ra1 Re2 41. Qf5 Qb8 0-1

[Event "BL2 Gr03 0506 (Women)"]
[Site "Germany"]
[Date "2005.10.29"]
[Round "1.2"]
[White "Kopylov, Luba"]
[Black "Socha, Anna"]
[Result "1-0"]
[WhiteElo "1683"]
[BlackElo "2108"]
[PlyCount "135"]
[EventDate "2005.10.29"]
[EventType "team-tourn"]
[EventRounds "7"]
[EventCountry "GER"]
[SourceTitle "EXT 2007"]
[Source "ChessBase"]
[SourceDate "2006.11.23"]
[SourceVersion "1"]
[SourceVersionDate "2006.11.23"]
[SourceQuality "1"]
[WhiteTeam "Kiel Doppelbauer"]
[BlackTeam "Goerlitz"]
[WhiteTeamCountry "GER"]
[BlackTeamCountry "GER"]

1. d4 Nf6 2. Nf3 e6 3. g3 c5 4. Bg2 Nc6 5. 0-0 cxd4 6. Nxd4 d5 7. c4 Bc5 8. Nxc6 bxc6 9. Qc2 Bb6 10. Bg5 0-0 11. e4 h6 12. Bxf6 Qxf6 13. cxd5 cxd5 14. exd5 exd5 15. Bxd5 Bf5 16. Qe2 Rae8 17. Qf3 Qxb2 18. Nc3 Bg6 19. Na4 Qb4 20. Nxb6 Qxb6 21. a4 Re5 22. a5 Qc5 23. Bb7 Rfe8 24. a6 Be4 25. Qb3 Qb5 26. Qxb5 Rxb5 27. Rfe1 Rbe5 28. Rac1 Bf5 29. Rxe5 Rxe5 30. Rd1 Re8 31. f4 Kf8 32. Kf2 Ke7 33. Rd5 Be6 34. Re5 Kd6 35. Re3 Bd7 36. Rd3+ Kc7 37. Rc3+ Kb6 38. Rb3+ Kc7 39. Bd5 Bc8 40. Rc3+ Kd6 41. Bxf7 Rf8 42. Bc4 Rf5 43. Be2 Rc5 44. Rd3+ Ke7 45. Re3+ Kf7 46. Rb3 Rc6 47. Ra3 Ke7 48. Kf3 Kd6 49. g4 Be6 50. f5 Bd5+ 51. Kf4 Rb6 52. Ra4 Rb3 53. h4 Rh3 54. Rd4 Kc5 55. Rd1 Rb3 56. Bd3 Rb8 57. g5 hxg5+ 58. hxg5 Rf8 59. Be4 Bxe4 60. Kxe4 Re8+ 61. Kf4 Re2 62. Rd7 Kb6 63. Rxg7 Kxa6 64. g6 Kb6 65. Rd7 a5 66. Kg3 a4 67. g7 Re8 68. f6 1-0

[Event "BL2 Gr3 0304 (Women)"]
[Site "Germany"]
[Date "2004.03.14"]
[Round "7.1"]
[White "Kind, Veronika"]
[Black "Socha, Anna"]
[Result "0-1"]
[WhiteElo "2016"]
[BlackElo "2100"]
[PlyCount "98"]
[EventDate "2003.10.25"]
[EventType "team-tourn"]
[EventRounds "7"]
[EventCountry "GER"]
[SourceTitle "EXT 2006"]
[Source "ChessBase"]
[SourceDate "2005.11.24"]
[SourceVersion "1"]
[SourceVersionDate "2005.11.24"]
[SourceQuality "1"]
[WhiteTeam "Ruedersdorf (W)"]
[BlackTeam "Goerlitz (W)"]
[WhiteTeamCountry "GER"]
[BlackTeamCountry "GER"]

1. e4 c5 2. Nf3 Nc6 3. d4 cxd4 4. Nxd4 Nf6 5. Nc3 e5 6. Ndb5 d6 7. Bg5 a6 8. Na3 Be6 9. Bd3 Be7 10. 0-0 Rc8 11. Nc4 b5 12. Bxf6 bxc4 13. Bxe7 Nxe7 14. Be2 0-0 15. Bf3 Kh8 16. Qd2 Ng6 17. g3 Qd7 18. Rfd1 Rcd8 19. b3 Ne7 20. Na4 Qc6 21. Qe3 Qe8 22. Rd2 f5 23. Rad1 f4 24. Qc3 Nc6 25. Rxd6 Rxd6 26. Rxd6 Nd4 27. Bd1 Nb5 28. Qxe5 Nxd6 29. Qxd6 Qd8 30. Qxd8 Rxd8 31. Bf3 Rd2 32. bxc4 Rxc2 33. Kg2 fxg3 34. hxg3 Rxc4 35. Nb2 Rc2 36. Nd3 Rxa2 37. Nc5 Bc8 38. Nd3 a5 39. e5 g5 40. Nc5 Rc2 41. Nd3 Ba6 42. Be4 Bxd3 43. Bxd3 Rc3 44. e6 Kg7 45. Bf5 Kf6 46. Bxh7 Kxe6 47. Kh3 a4 48. Kg4 Kf6 49. Bg8 a3 0-1

[Event "BL2 Gr3 0304 (Women)"]
[Site "Germany"]
[Date "2004.03.13"]
[Round "6.1"]
[White "Socha, Anna"]
[Black "Kucypera, Anna"]
[Result "0-1"]
[WhiteElo "2100"]
[BlackElo "2236"]
[PlyCount "60"]
[EventDate "2003.10.25"]
[EventType "team-tourn"]
[EventRounds "7"]
[EventCountry "GER"]
[SourceTitle "EXT 2006"]
[Source "ChessBase"]
[SourceDate "2005.11.24"]
[SourceVersion "1"]
[SourceVersionDate "2005.11.24"]
[SourceQuality "1"]
[WhiteTeam "Goerlitz (W)"]
[BlackTeam "Guben (W)"]
[WhiteTeamCountry "GER"]
[BlackTeamCountry "GER"]

1. e4 c5 2. Nf3 Nc6 3. d4 cxd4 4. Nxd4 Nf6 5. Nc3 e5 6. Ndb5 d6 7. Bg5 a6 8. Na3 b5 9. Bxf6 gxf6 10. Nd5 f5 11. Bxb5 axb5 12. Nxb5 Rb8 13. Nbc7+ Kd7 14. Qh5 Nd4 15. 0-0 Be7 16. c3 Ne6 17. Qxf5 Rg8 18. b4 Rg5 19. Qh3 Qg8 20. Nxe6 fxe6 21. a4 Bd8 22. Rfb1 Qg6 23. Ne3 Qxe4 24. b5 Ba5 25. Rc1 Bb7 26. Kh1 Rbg8 27. c4 Rxg2 28. Nxg2 Qxg2+ 29. Qxg2 Bxg2+ 30. Kg1 Be4+ 0-1

[Event "BL2 Gr3 0304 (Women)"]
[Site "Germany"]
[Date "2003.10.25"]
[Round "1.1"]
[White "Szydlowska, Malgorzata"]
[Black "Socha, Anna"]
[Result "1-0"]
[WhiteElo "2415"]
[BlackElo "2100"]
[PlyCount "67"]
[EventDate "2003.10.25"]
[EventType "team-tourn"]
[EventRounds "7"]
[EventCountry "GER"]
[SourceTitle "EXT 2006"]
[Source "ChessBase"]
[SourceDate "2005.11.24"]
[SourceVersion "1"]
[SourceVersionDate "2005.11.24"]
[SourceQuality "1"]
[WhiteTeam "Leipzig Allianz (W)"]
[BlackTeam "Goerlitz (W)"]
[WhiteTeamCountry "GER"]
[BlackTeamCountry "GER"]

1. d4 Nf6 2. c4 c5 3. d5 e6 4. Nc3 exd5 5. cxd5 d6 6. e4 g6 7. f4 Bg7 8. Nf3 0-0 9. Be2 Re8 10. e5 Nh5 11. 0-0 a6 12. a4 Bg4 13. Ng5 Bxe2 14. Qxe2 dxe5 15. fxe5 Rxe5 16. Nxf7 Rxe2 17. Nxd8 Bd4+ 18. Kh1 Re5 19. g4 Nf6 20. Bf4 Nbd7 21. Bxe5 Bxe5 22. g5 Rxd8 23. gxf6 Nxf6 24. Rae1 Bd4 25. Re6 Ng4 26. d6 Nf2+ 27. Kg2 Nd3 28. Ne4 Nxb2 29. Ng5 Nc4 30. Nf7 Rd7 31. Re8+ Kg7 32. Re7 Ne3+ 33. Kh1 Nxf1 34. Rxd7 1-0

[Event "POL-chT 59th"]
[Site "Lubniewice"]
[Date "2003.09.02"]
[Round "4"]
[White "Socha, Anna"]
[Black "Socko, Monika"]
[Result "0-1"]
[WhiteElo "2126"]
[BlackElo "2390"]
[PlyCount "86"]
[EventDate "2003.08.30"]
[EventType "team-tourn"]
[EventRounds "9"]
[EventCountry "POL"]
[SourceTitle "EXT 2019"]
[Source "ChessBase"]
[SourceDate "2018.10.10"]
[SourceVersion "1"]
[SourceVersionDate "2018.10.10"]
[SourceQuality "1"]
[WhiteTeam "Legnica Miedz"]
[BlackTeam "Warszawa Polonia"]
[WhiteTeamCountry "POL"]
[BlackTeamCountry "POL"]

1. e4 d6 2. d4 g6 3. Nc3 Bg7 4. Bg5 c6 5. Qd2 b5 6. a3 a6 7. f4 Nd7 8. Nf3 Nb6 9. Be2 Nf6 10. 0-0 Be6 11. Rae1 Nc4 12. Bxc4 Bxc4 13. e5 dxe5 14. Nxe5 Bxf1 15. Nxc6 Qd6 16. Nxe7 Kf8 17. Kxf1 Re8 18. Bxf6 Bxf6 19. Ned5 Kg7 20. Nxf6 Rxe1+ 21. Kxe1 Qxf6 22. Kf1 g5 23. g3 gxf4 24. Qxf4 Qxf4+ 25. gxf4 Rd8 26. Ne2 a5 27. c3 Kf6 28. Kf2 Ra8 29. b4 axb4 30. axb4 Ke6 31. Ke3 Kd5 32. Kd3 Ra1 33. Ng3 Rd1+ 34. Ke2 Rg1 35. Kf2 Ra1 36. Ke3 Ra2 37. Ne2 Kc4 38. f5 Ra1 39. d5 Kxd5 40. Kd3 Rd1+ 41. Kc2 Rh1 42. h3 Kc4 43. Nf4 Rh2+ 0-1

[Event "POL-chT 59th"]
[Site "Lubniewice"]
[Date "2003.09.01"]
[Round "3"]
[White "Jaracz, Barbara"]
[Black "Socha, Anna"]
[Result "1-0"]
[WhiteElo "2341"]
[BlackElo "2126"]
[PlyCount "130"]
[EventDate "2003.08.30"]
[EventType "team-tourn"]
[EventRounds "9"]
[EventCountry "POL"]
[SourceTitle "EXT 2019"]
[Source "ChessBase"]
[SourceDate "2018.10.10"]
[SourceVersion "1"]
[SourceVersionDate "2018.10.10"]
[SourceQuality "1"]
[WhiteTeam "Lublin UMCS"]
[BlackTeam "Legnica Miedz"]
[WhiteTeamCountry "POL"]
[BlackTeamCountry "POL"]

1. e4 e5 2. Nf3 Nc6 3. Bc4 Nf6 4. d3 Bc5 5. c3 a6 6. Bb3 Ba7 7. 0-0 0-0 8. Be3 d6 9. Nbd2 Ne7 10. Nh4 Bg4 11. Qe1 Nh5 12. d4 Nc6 13. Nhf3 Qf6 14. d5 Bxe3 15. fxe3 Ne7 16. Bc2 Qh6 17. Nh4 Kh8 18. c4 g6 19. h3 Bd7 20. g4 Ng7 21. Qg3 f5 22. g5 Nh5 23. Qxe5+ dxe5 24. gxh6 f4 25. Rf3 Ng8 26. Ng2 g5 27. exf4 gxf4 28. Bd1 Ng3 29. Kh2 Nxh6 30. Ne1 Nf7 31. Rb3 b6 32. Nef3 Rae8 33. Rc3 Nd6 34. Bc2 c5 35. dxc6 Bxc6 36. Re1 Rf6 37. c5 Nb5 38. Rc4 Bd7 39. a4 Nd4 40. Nxd4 exd4 41. Rxd4 Bc8 42. e5 Rh6 43. Rxf4 Rxh3+ 44. Kg2 Rg8 45. e6 Nh5+ 46. Kxh3 Nxf4+ 47. Kh2 Bxe6 48. cxb6 Rg2+ 49. Kh1 Rxd2 50. b7 Bd5+ 51. Be4 Bxb7 52. Bxb7 Rxb2 53. Bxa6 Kg7 54. Re4 Nh5 55. Re7+ Kh6 56. Bd3 Ng7 57. a5 Rb3 58. Rd7 Nh5 59. a6 Nf6 60. Rd6 Kg5 61. a7 Ra3 62. Ra6 Rxd3 63. a8Q Rd1+ 64. Kg2 Rd4 65. Ra5+ Kg6 1-0

[Event "POL-chT U19 35th"]
[Site "Koszalin"]
[Date "2003.07.12"]
[Round "10.17"]
[White "Niespielak, Kamila"]
[Black "Socha, Anna"]
[Result "1/2-1/2"]
[WhiteElo "1854"]
[BlackElo "2126"]
[PlyCount "27"]
[EventDate "2003.07.04"]
[EventType "team-tourn"]
[EventRounds "11"]
[EventCountry "POL"]
[SourceTitle "EXT 2019"]
[Source "ChessBase"]
[SourceDate "2018.10.10"]
[SourceVersion "1"]
[SourceVersionDate "2018.10.10"]
[SourceQuality "1"]
[WhiteTeam "Jaworzno JKSz MCKiS U19"]
[BlackTeam "Legnica Miedz U19"]
[WhiteTeamCountry "POL"]
[BlackTeamCountry "POL"]

1. e4 e5 2. Nf3 Nc6 3. Bc4 Nf6 4. Nc3 Bc5 5. 0-0 0-0 6. d3 h6 7. Be3 Bb6 8. Qd2 Ng4 9. Bxb6 axb6 10. h3 Nf6 11. d4 d6 12. dxe5 Nxe5 13. Nxe5 dxe5 14. Rad1 1/2-1/2

[Event "POL-chT U19 35th"]
[Site "Koszalin"]
[Date "2003.07.10"]
[Round "8.11"]
[White "Majdan, Joanna"]
[Black "Socha, Anna"]
[Result "1-0"]
[WhiteElo "2170"]
[BlackElo "2126"]
[PlyCount "101"]
[EventDate "2003.07.04"]
[EventType "team-tourn"]
[EventRounds "11"]
[EventCountry "POL"]
[SourceTitle "EXT 2019"]
[Source "ChessBase"]
[SourceDate "2018.10.10"]
[SourceVersion "1"]
[SourceVersionDate "2018.10.10"]
[SourceQuality "1"]
[WhiteTeam "Koszalin Hetman Politechnika U19"]
[BlackTeam "Legnica Miedz U19"]
[WhiteTeamCountry "POL"]
[BlackTeamCountry "POL"]

1. e4 c5 2. Nf3 Nc6 3. d4 cxd4 4. Nxd4 e5 5. Nb5 d6 6. N1c3 a6 7. Na3 b5 8. Nd5 Nf6 9. Bg5 Qa5+ 10. Bd2 Qd8 11. Bd3 Nxd5 12. exd5 Ne7 13. c4 g6 14. cxb5 Bg7 15. 0-0 0-0 16. Bc4 f5 17. f4 exf4 18. Bc3 g5 19. Bxg7 Kxg7 20. Qd4+ Rf6 21. bxa6 Bxa6 22. Bxa6 Rxa6 23. Nc4 Qa8 24. Rfe1 Kf7 25. a4 Nxd5 26. Rad1 Ne3 27. Nxe3 fxe3 28. Qxe3 Rxa4 29. Qxg5 Rg4 30. Qh5+ Kf8 31. Rd2 h6 32. Rde2 Re4 33. Qf3 Qa7+ 34. Kh1 Rxe2 35. Qxe2 Qd7 36. b4 d5 37. Qe5 Kf7 38. Qd4 Re6 39. Ra1 Re4 40. Qh8 Kg6 41. h3 Qe6 42. Qb8 Re1+ 43. Rxe1 Qxe1+ 44. Kh2 Qe4 45. b5 f4 46. b6 f3 47. Qg3+ Kh7 48. b7 f2 49. Qxf2 Qb4 50. Qf7+ Kh8 51. Qe8+ 1-0

[Event "POL-chT U19 35th"]
[Site "Koszalin"]
[Date "2003.07.10"]
[Round "7.35"]
[White "Socha, Anna"]
[Black "Worek, Joanna"]
[Result "1/2-1/2"]
[WhiteElo "2126"]
[BlackElo "2241"]
[PlyCount "37"]
[EventDate "2003.07.04"]
[EventType "team-tourn"]
[EventRounds "11"]
[EventCountry "POL"]
[SourceTitle "EXT 2019"]
[Source "ChessBase"]
[SourceDate "2018.10.10"]
[SourceVersion "1"]
[SourceVersionDate "2018.10.10"]
[SourceQuality "1"]
[WhiteTeam "Legnica Miedz U19"]
[BlackTeam "Plock PTSz U19"]
[WhiteTeamCountry "POL"]
[BlackTeamCountry "POL"]

1. e4 c6 2. d4 Na6 3. Nc3 Nc7 4. Be3 g6 5. Bd3 Bg7 6. Nge2 d5 7. f3 Be6 8. Qd2 Qd7 9. 0-0-0 h5 10. Kb1 Nf6 11. e5 Ng8 12. h4 Bh6 13. Bg5 0-0-0 14. Nc1 Bf5 15. Nb3 Bxd3 16. Qxd3 Ne6 17. Bxh6 Nxh6 18. Ne2 Kb8 19. Qd2 1/2-1/2

[Event "POL-ch U20 Girls"]
[Site "Jarnoltowek"]
[Date "2003.04.13"]
[Round "9"]
[White "Socha, Anna"]
[Black "Worek, Joanna"]
[Result "0-1"]
[WhiteElo "2108"]
[BlackElo "2263"]
[PlyCount "64"]
[EventDate "2003.04.07"]
[EventType "tourn"]
[EventRounds "11"]
[EventCountry "POL"]
[SourceTitle "CBM 093 Extra"]
[Source "ChessBase"]
[SourceDate "2003.05.09"]
[SourceVersion "1"]
[SourceVersionDate "2003.05.09"]
[SourceQuality "1"]

1. e4 c6 2. d4 d5 3. exd5 cxd5 4. c4 Nf6 5. Nc3 g6 6. cxd5 Nxd5 7. Bc4 Nb6 8. Bb5+ Bd7 9. Nf3 Bg7 10. 0-0 0-0 11. Bxd7 Qxd7 12. Ne5 Qf5 13. f4 Nc6 14. Be3 Rad8 15. Qd2 Qe6 16. b3 Nxe5 17. fxe5 Bxe5 18. Rae1 Qg4 19. Qf2 Bg7 20. h3 Qc8 21. Rc1 Qd7 22. d5 Rc8 23. Ne2 Rxc1 24. Rxc1 Nxd5 25. Bxa7 e5 26. Qc5 Qe6 27. Rd1 Nf6 28. Qc7 Qa6 29. Bc5 Qxe2 30. Rd8 Qe1+ 31. Kh2 Ng4+ 32. hxg4 Qh4+ 0-1

[Event "POL-ch U20 Girls"]
[Site "Jarnoltowek"]
[Date "2003.04.12"]
[Round "8"]
[White "Reszka, Malgorzata"]
[Black "Socha, Anna"]
[Result "1/2-1/2"]
[WhiteElo "2133"]
[BlackElo "2108"]
[PlyCount "81"]
[EventDate "2003.04.07"]
[EventType "tourn"]
[EventRounds "11"]
[EventCountry "POL"]
[SourceTitle "CBM 093 Extra"]
[Source "ChessBase"]
[SourceDate "2003.05.09"]
[SourceVersion "1"]
[SourceVersionDate "2003.05.09"]
[SourceQuality "1"]

1. e4 e5 2. Nf3 Nc6 3. Bb5 Nf6 4. 0-0 Bc5 5. d3 Nd4 6. Nxd4 Bxd4 7. c3 Bb6 8. Kh1 c6 9. Ba4 d6 10. Bg5 h6 11. Bh4 g5 12. Bg3 Be6 13. f3 Nh5 14. Bf2 Nf4 15. d4 Qd7 16. Be3 f6 17. Na3 h5 18. Qd2 Qg7 19. d5 Bxe3 20. Qxe3 Bd7 21. Nc4 Qe7 22. dxc6 Bxc6 23. Bxc6+ bxc6 24. g3 Ne6 25. Rad1 Rd8 26. Qd3 d5 27. exd5 cxd5 28. Na5 Qd7 29. Qa6 h4 30. Kg2 hxg3 31. hxg3 Nc5 32. Qxf6 Qh3+ 33. Kf2 Ne4+ 34. fxe4 Rf8 35. Qxf8+ Kxf8 36. Rh1 Qc8 37. Rh8+ Kg7 38. Rxd8 Qxd8 39. Rxd5 Qb6+ 40. Kf3 Qxb2 41. c4 1/2-1/2

[Event "POL-ch U20 Girls"]
[Site "Jarnoltowek"]
[Date "2003.04.10"]
[Round "5"]
[White "Socha, Anna"]
[Black "Czarnota, Dorota"]
[Result "0-1"]
[WhiteElo "2108"]
[BlackElo "2191"]
[PlyCount "98"]
[EventDate "2003.04.07"]
[EventType "tourn"]
[EventRounds "11"]
[EventCountry "POL"]
[SourceTitle "CBM 093 Extra"]
[Source "ChessBase"]
[SourceDate "2003.05.09"]
[SourceVersion "1"]
[SourceVersionDate "2003.05.09"]
[SourceQuality "1"]

1. e4 c5 2. Nf3 Nc6 3. d4 cxd4 4. Nxd4 Nf6 5. Nc3 d6 6. Bg5 e6 7. Qd2 a6 8. 0-0-0 Bd7 9. f4 b5 10. Nxc6 Bxc6 11. Qe3 Be7 12. Bxf6 Bxf6 13. e5 Be7 14. Ne4 Bxe4 15. Qxe4 d5 16. Qf3 Qc7 17. Kb1 h5 18. Bd3 g6 19. h4 Qb6 20. g4 0-0-0 21. g5 Kb8 22. Qe2 Ka7 23. Rh3 Rc8 24. Re1 Rc6 25. Qf3 Bc5 26. Rh2 Qa5 27. Rhe2 Bb6 28. Rd1 Kb8 29. Rg2 Rhc8 30. Re2 Qa4 31. Rc1 Qb4 32. a3 Qa5 33. Rg2 b4 34. axb4 Qxb4 35. Bxa6 Bd4 36. c3 Rxc3 37. Rxc3 Rxc3 38. Qe2 Rb3 39. Qc2 Ka7 40. Bd3 Rxb2+ 41. Qxb2 Bxb2 42. Rxb2 Qxf4 43. Bb5 Qxe5 44. Be8 Qe1+ 45. Ka2 Qxh4 46. Bxf7 Qc4+ 47. Ka3 Qc3+ 48. Rb3 Qc1+ 49. Ka4 Qf4+ 0-1